MDQL
is popping MORE tags! Check the
thread
!
Quizzes
Events
Quiz Creation
Community
Videos
Private Events
Remove Ads
Sign In
Join for FREE
Feedback
Dark Mode
Quiz Categories
Sports
Geography
Music
Movies
Television
Just For Fun
Miscellaneous
History
Literature
Language
Science
Gaming
Entertainment
Religion
Holiday
For Kids
Quiz Lab
Recent
Popular Today
Quiz Kudos Today
Editor Picks
Curator Picks
Quizzes by...
Day
Popularity
Type
Ratings
Length
Year
Community
Subscriptions
Recent Discussions
Orange Saloon
Badges
Playlists
Quests
Create
Leaderboards
Showdown
Live 5
Trivia Bingo
Activity
Puzzle Library
Sporcle Events
Private Events
Virtual Trivia
Globe League
Become a Host
Pub Owners
SporcleCon
Opinionation
Our Games
Videos
Blog
Mobile Apps
Partnerships
Remove Ads and Go Orange
Feedback
Music
Pop Music
The Beatles
Song
Album
Lyrics
Bands
Singers
Artist
Clip
Rock
Rap
Classical
Billboard
Country Music
Kpop
Taylor Swift
Music
Pop Music
The Beatles
Song
Album
Lyrics
Bands
Singers
Artist
Clip
Rock
Rap
Classical
Billboard
Country Music
Kpop
Taylor Swift
Random Quiz
Search Sporcle
×
Quiz Lab
Quiz Lab
Music
Artist
Type in answers that appear in a list
Type in answers that appear in a list
Classic
Best Score? Go Orange.
Mixmag's Best Dance Singles Stats
Can you name the Mixmag's Best Dance Singles of all time (published in 1996)?
By
Ari
12m
100 Questions
26 Plays
26 Plays
26 Plays
Comments
Comments
Give Quiz Kudos
Give Quiz Kudos
-
- Ratings
hide this ad
Replay
Link that replays current quiz
Next Quiz
Link to next quiz in quiz playlist
You Got
0%
They Got
Avg Score
19%
Avg Friend Score
Upgrade to see
Score Distribution
Jump to the score distribution portion of the page
Score
0/100
Timer
12:00
0
Plays Today
Artist
Track
% Correct
Donna Summer
I Feel Love
61.5%
Moby
Go
61.5%
Massive Attack
Unfinished Sympathy
53.8%
Alison Limerick
Where Love Lives
50%
Eric B. & Rakim
Paid in Full
50%
Orbital
Chime
50%
Everything But the Girl
Missing
50%
Baby D
Let Me Be Your Fantasy
50%
Nightcrawlers
Push the Feeling On
46.2%
LFO
LFO
46.2%
Jaydee
Plastic Dreams
42.3%
Gat Decor
Passion
42.3%
Stone Roses
Fool's Gold
42.3%
Candi Staton
You Got the Love
42.3%
A Guy Called Gerald
Voodoo Ray
42.3%
De'Lacy
Hideaway
42.3%
Robin S
Show Me Love
42.3%
Joey Beltram
Energy Flash
38.5%
Josh Wink
Higher State of Consciousness
38.5%
Future Sound of London
Papua New Guinea
38.5%
Inner City
Good Life
38.5%
808 State
Pacific State
38.5%
Mr. Fingers
Can You Feel It
34.6%
Bucketheads
The Bomb!
34.6%
Ce Ce Rogers
Someday
30.8%
Joe Smooth
Promised Land
30.8%
Bizarre Inc
Playing With Knives
30.8%
Frankie Knuckle & Jamie Principle
Your Love
30.8%
Bassheads
Is There Anybody Out There?
30.8%
Lil' Louis
French Kiss
30.8%
The Prodigy
Out of Space
30.8%
Grace
Not Over Yet
30.8%
Felix
Don't You Want Me?
30.8%
Billie Ray Martin
Your Loving Arms
26.9%
Artist
Track
% Correct
Underworld
Cowgirl
23.1%
Rhythim is Rhythim
Strings of Life
23.1%
Leftfield/
Lydon
Open Up
23.1%
Age of Love
Age of Love
23.1%
Sueno Latino
Sueno Latino
23.1%
A Homeboy, a Hippe, and a Funki Dread
Total Confusion
23.1%
Mariah Carey
Dreamlover
19.2%
K-
Klass
Rhythm is a Mystery
19.2%
Marshall Jefferson
Move Your Body
19.2%
Dan Hartman
Relight My Fire
19.2%
Soul 2 Soul
Keep On Movin'
19.2%
Stetsasonic
Talkin' All That Jazz
19.2%
Young MC
Know How
19.2%
FPI Project
Everybody (All Over the World)
15.4%
Jam & Spoon
Stella
15.4%
Slam
Positive Education
15.4%
Sterling Void
It's Alright
15.4%
Nightwriters
Let the Music Use You
11.5%
Phuture
Acid Trax
11.5%
Mantronix
King of the Beats
11.5%
Leftfield
Not Forgotten
11.5%
Nitro Deluxe
This Brutal House
11.5%
Liquid
Sweet Harmony
11.5%
LTJ Bukem
Horizons
7.7%
Goodmen
Give It Up
7.7%
Brothers in Rhythm
Such a Good Feeling
7.7%
SL2
DJs Take Control
7.7%
Inner City
Pennies from Heaven
7.7%
Kariya
Let Me Love You Tonight
7.7%
River Ocean
Love and Happiness
7.7%
Urban Shakedown
Some Justice
7.7%
Frankie Knuckles
The Whistle Song
7.7%
Outlander
Vamp
7.7%
X-
Press 2-
London
X-press (The Journey Continues)
3.8%
Artist
Track
% Correct
DSK
What Would We Do
3.8%
DJ Misjah & DJ Rim
Access
3.8%
Funky Green Dogs
Reach For Me
3.8%
Sabres of Paradise
Smokebelch 2
3.8%
Urban Soul
Alright
3.8%
Aphex Twin
Didgeridoo
3.8%
Ron Trent
Altered States
3.8%
Jam & Spoon
Follow Me
3.8%
Degrees of Motion
Do You Want It Right Now?
3.8%
Last Rhythm
Last Rhythm
3.8%
Shades of Rhythm
The Sound of Eden
3.8%
South Street Player
Who Keeps Changing Your Mind?
3.8%
Hardfloor
Hardtrance Acperience
0%
Dave Clarke
Red 2
0%
Circuit
Shelter Me
0%
Empirion
Narcotic Influence
0%
Ravesignal 3
Horsepower
0%
Lionrock
Packet of Peace
0%
Glam
Hell's Party
0%
Hashim
Al Naafyish (The Soul)
0%
Subliminal Cuts
Le Voie le Soleil
0%
M People
How Can I Love You More?
0%
Capricorn
20 hz
0%
Dee Patten
Who's the Badman
0%
Ruffneck
Everybody Be Somebody
0%
Red Planet
Stardancer
0%
Disco Evangelists
De Niro
0%
Rhythm on the Loose
Break of Dawn
0%
Cool Jack
Just Come
0%
Dream
U R the Best Thing
0%
Robert Owens
I'll Be Your Friend
0%
Jesus Loves You
Generations of Love
0%
Quiz Playlist
Details
Report
Send in Message
Add To Playlist
Classic:
Type in answers that appear in a list
Quiz Source
Last Updated: Apr 25, 2017
Quiz Scoreboard
CHALLENGE
Sign Up to Join the Scoreboard
Show All
Scores
Hide
Comments
May contain spoilers
Recently Published
Image Sorting: Flags VI
by Barbecue
Geography
2m
Find the 'City' Movie
by crazypaving
Movies
60s
Colored Red Africa Blitz
by spor1
Geography
45s
More to Explore
Quiz From the Vault
Featured Blog Post
14 Easter Pick-up Lines to Find Eggs With
hide this ad
You Might Also Like...
Tags
Artist Quiz
1996
dance
Dance Singles
Published
Single
track
Today's Top Quizzes in Music
Browse Music
hide this ad
Today's Top Quizzes in Artist
Browse Artist
Top Contributed Quizzes in Music
1
5X2 Blitz: Bands II
2
5X2 Blitz: The Beatles
3
Taylor Swift All Songs (2024)
4
5X2 Blitz: Billboard
5
5X2 Blitz: Billboard II
6
5X2 Blitz: Album
7
Taylor Swift Logic Puzzle II
8
5X2 Blitz: Singers
9
5X2 Blitz: Rock
10
5X2 Blitz: Lyrics
Explore More
Trending Topics
Anime
Disney
Harry Potter
Marvel
NBA
Kpop
Crossword
Country
The Office
Puzzle
Song
Pokémon
WWE
Soccer
NFL
hide this ad
More By:
Ari
Quiz
Plays
Rating
Category
Featured
Created
Coal Producing Countries
51,966
4.55
Geography
Sep 23, 2009
ABR's 100 Best Books of the 20th Century
15,811
3.53
Literature
Sep 28, 2009
100 Most Influential People in Film
1,542
3.67
Movies
Sep 27, 2009
50 Greatest Classical Conductors
781
4.75
Music
Jul 14, 2017
20 Greatest Violinists
406
2.33
Music
Jul 17, 2017
Go to Creator's Profile
Score Distribution
Quiz Creator Spotlight
Ari
Follow
Send a Message
Quizzes Created
-
Created Quiz Play Count
-
More By This Creator
Popular Quizzes Today
1
Colored Red Africa Blitz
2
Find the US States - No Outlines Minefield
3
Find the 'City' Movie
4
5x2 Blitz: Bands
5
The Countries of the World
6
Find the US States
7
Find the Countries of Europe - No Outlines Minefield
8
US States
More Music Quizzes
Muse Songs with Titles in the Lyrics
Quiz Lab
Trending Quizzes
Colored Red Europe Blitz I
Colored Red Europe Blitz II
Colored Red Africa Blitz II
Colored Red Europe Blitz III
Colored Red Africa Blitz III
Recently Updated
How Do You Spell That?
pecheneg
Godzilla Movies
pecheneg
Grab Bag: 4-10 Letters
pecheneg
2024 March Madness Bracket
pecheneg
Famous TV Couples
Peacemaker
Champions League XIs: Real Madrid
pecheneg
Largest US Cities 1790-2010
pecheneg
Rides in Walt Disney World
pecheneg
Most Oscar Losses (Acting)
pecheneg
Beyoncé Albums
pecheneg
Trending Topics
Disney
Harry Potter
Kpop
Anime
Marvel
NBA
Crossword
Soccer
The Office
Country
NFL
Pokémon
WWE
Puzzle
Song
Your Account Isn't Verified!
In order to create a playlist on Sporcle, you need to verify the email address you used during registration. Go to your
Sporcle Settings
to finish the process.
Report this User
Report this user for behavior that violates our
Community Guidelines
.
Details:
Send Report
Go to the Sporcle.com Mobile Site →
Comments